00297nam a22001097a 4500008004100000020001800041041000800059080000800067100000700075101000800082245009700090181221b xxu||||| |||| 00| 0 eng d a9780205277759 aeng a316 a50 aSOC aLiving Theory. The Application of Classical Social Theory of Contemporary LifecHurst, Ch. E